Derecho empresario (Registro nro. 8599)

Detalles MARC
000 -LEADER
fixed length control field 01111nas a2200277 454500
001 - CONTROL NUMBER
control field 26224
005 - DATE AND TIME OF LATEST TRANSACTION
control field 20260407193506.0
008 - FIXED-LENGTH DATA ELEMENTS--GENERAL INFORMATION
fixed length control field 260407s1975####ag###########|||spa#d
003 - CONTROL NUMBER IDENTIFIER
control field AR-UNSa-BCEJYS
040 ## - CATALOGING SOURCE
Original cataloging agency AR-UNSa-BCEJYS
Language of cataloging spa
Transcribing agency AR-UNSa-BCEJYS
080 ## - UNIVERSAL DECIMAL CLASSIFICATION NUMBER
Universal Decimal Classification number 346
Common auxiliary subdivision Derecho económico. Derecho a la direccion estatal de la economía
100 1# - MAIN ENTRY--PERSONAL NAME
Personal name Chouhy, Adolfo Santiago
245 10 - TITLE STATEMENT
Title Derecho empresario
264 #1 - PRODUCTION, PUBLICATION, DISTRIBUTION, MANUFACTURE, AND COPYRIGHT NOTICE
Place of production, publication, distribution, manufacture Buenos Aires :
Name of producer, publisher, distributor, manufacturer Ediciones Contabilidad Moderna
Date of production, publication, distribution, manufacture, or copyright notice 1975
310 ## - CURRENT PUBLICATION FREQUENCY
Current publication frequency Frecuencia: Mensual
505 ## - FORMATTED CONTENTS NOTE
Formatted contents note Cambia de Director a partir del Nº 20 por Héctor Alegría y Roberto José Quian<br/>Cambia de Director a partir del Nº 36 por Eduardo A. Roca<br/>Cambia de Director a partir del Nº 52 por Juan C. Cassagne
590 ## - LOCAL NOTE (RLIN)
Local note niveau_biblio:s niveau_hierar:1
650 ## - SUBJECT ADDED ENTRY--TOPICAL TERM
Topical term or geographic name entry element Derecho
650 ## - SUBJECT ADDED ENTRY--TOPICAL TERM
Topical term or geographic name entry element Legislación económica
650 ## - SUBJECT ADDED ENTRY--TOPICAL TERM
Topical term or geographic name entry element DERECHO COMERCIAL
650 ## - SUBJECT ADDED ENTRY--TOPICAL TERM
Topical term or geographic name entry element ECONOMIA
700 1# - ADDED ENTRY--PERSONAL NAME
Personal name Cárdenas, Emilio Jorge
700 1# - ADDED ENTRY--PERSONAL NAME
Personal name Klein, Guillermo Walter (h)
856 41 - ELECTRONIC LOCATION AND ACCESS
Uniform Resource Identifier <a href="https://biblioeco.unsa.edu.ar/pmb/images/revistas/Derecho Empresario.jpg">https://biblioeco.unsa.edu.ar/pmb/images/revistas/Derecho Empresario.jpg</a>
Link text Imagen de portada
Electronic format type image/jpeg
942 ## - ADDED ENTRY ELEMENTS (KOHA)
Koha item type
Existencias
Withdrawn status Lost status Damaged status Not for loan Home library Current library Shelving location Date acquired Serial enumeration / chronology Total checkouts Full call number Barcode Date last seen Price effective from Koha item type
        Biblioteca Prof. Eusebio Cleto del Rey Biblioteca Prof. Eusebio Cleto del Rey   01/07/1978 Nº 52 - jul. 1978   H346 DER 52 R12552 10/04/2026 10/04/2026 Numero
        Biblioteca Prof. Eusebio Cleto del Rey Biblioteca Prof. Eusebio Cleto del Rey   01/03/1977 Nº 36 - mar. 1977   H346 DER 36 R12551 10/04/2026 10/04/2026 Numero
        Biblioteca Prof. Eusebio Cleto del Rey Biblioteca Prof. Eusebio Cleto del Rey   01/03/1976 Nº 24 - mar. 1976   H346 DER 24 R12550 10/04/2026 10/04/2026 Numero
        Biblioteca Prof. Eusebio Cleto del Rey Biblioteca Prof. Eusebio Cleto del Rey   01/02/1976 Nº 23 - feb. 1976   H346 DER 23 R12549 10/04/2026 10/04/2026 Numero
        Biblioteca Prof. Eusebio Cleto del Rey Biblioteca Prof. Eusebio Cleto del Rey   01/01/1976 Nº 22 - ene. 1976   H346 DER 22 R12548 10/04/2026 10/04/2026 Numero
        Biblioteca Prof. Eusebio Cleto del Rey Biblioteca Prof. Eusebio Cleto del Rey   01/11/1975 Nº 20 - nov. 1975   H346 DER 20 R12547 10/04/2026 10/04/2026 Numero
        Biblioteca Prof. Eusebio Cleto del Rey Biblioteca Prof. Eusebio Cleto del Rey   01/10/1975 Nº 19 - oct. 1975   H346 DER 19 R12544 10/04/2026 10/04/2026 Numero